000 00487nmm a2200145Ia 4500
008 251105s9999||||xx |||||||||||||||||und||
041 _aspa
100 _aCubeiro Rodríguez, Dídac
245 0 _aVender en Asia Oriental :
_b Un reto para la pequeña y mediana empresa
264 _a[Madrid, España] :
_bUniversitat Oberta de Catalunya,
_c2017
300 _a148 páginas
650 _aEconomics and Business
856 _uhttps://public.digitaliapublishing.com/a/47338
942 _cCF
999 _c106300
_d106300